<?xml version="1.0" encoding="UTF-8"?>
<record
    xmlns:xsi="http://www.w3.org/2001/XMLSchema-instance"
    xsi:schemaLocation="http://www.loc.gov/MARC21/slim http://www.loc.gov/standards/marcxml/schema/MARC21slim.xsd"
    xmlns="http://www.loc.gov/MARC21/slim">

  <leader>01068nam a22002657a 4500</leader>
  <controlfield tag="001">8888</controlfield>
  <controlfield tag="003">FISKH</controlfield>
  <controlfield tag="005">20251030101542.0</controlfield>
  <controlfield tag="008">251030b        cb ||||| |||| 00| 0 eng d</controlfield>
  <datafield tag="040" ind1=" " ind2=" ">
    <subfield code="a">FISKH</subfield>
    <subfield code="b">khr</subfield>
    <subfield code="c">FISKH</subfield>
    <subfield code="d">FISKH</subfield>
  </datafield>
  <datafield tag="050" ind1=" " ind2=" ">
    <subfield code="a">PZ7</subfield>
  </datafield>
  <datafield tag="082" ind1=" " ind2=" ">
    <subfield code="a">895</subfield>
  </datafield>
  <datafield tag="100" ind1=" " ind2=" ">
    <subfield code="a">Anonymous</subfield>
  </datafield>
  <datafield tag="245" ind1=" " ind2=" ">
    <subfield code="a">&#x1786;&#x17D2;&#x1780;&#x17C2; &#x1798;&#x17B6;&#x1793;&#x17CB;&#x1782;&#x1780; &#x1793;&#x17B7;&#x1784; &#x1780;&#x1789;&#x17D2;&#x1787;&#x17D2;&#x179A;&#x17C4;&#x1784; /</subfield>
    <subfield code="c">By Anonymous</subfield>
  </datafield>
  <datafield tag="260" ind1=" " ind2=" ">
    <subfield code="a">Phnom Penh :</subfield>
  </datafield>
  <datafield tag="300" ind1=" " ind2=" ">
    <subfield code="a">16 pages : </subfield>
    <subfield code="b">color illustrations ;</subfield>
    <subfield code="c">21 cm .</subfield>
  </datafield>
  <datafield tag="490" ind1=" " ind2=" ">
    <subfield code="a">&#x1793;&#x17B7;&#x1791;&#x17B6;&#x1793;&#x17A2;&#x1794;&#x17CB;&#x179A;&#x17C6;&#x1782;&#x17C6;&#x1793;&#x17B7;&#x178F;&#x200B;</subfield>
  </datafield>
  <datafield tag="505" ind1=" " ind2=" ">
    <subfield code="a">J 
</subfield>
  </datafield>
  <datafield tag="521" ind1="8" ind2=" ">
    <subfield code="a">500 
</subfield>
    <subfield code="b">Lexile estimate 
</subfield>
  </datafield>
  <datafield tag="521" ind1="8" ind2=" ">
    <subfield code="a">J 
</subfield>
    <subfield code="b">Raz-Plus 
</subfield>
  </datafield>
  <datafield tag="650" ind1=" " ind2=" ">
    <subfield code="a">&#x1786;&#x17D2;&#x1780;&#x17C2; &#x1798;&#x17B6;&#x1793;&#x17CB;&#x1782;&#x1780; &#x1793;&#x17B7;&#x1784; &#x1780;&#x1789;&#x17D2;&#x1789;&#x17D2;&#x179A;&#x17C4;&#x1784; ,&#x200B; &#x1780;&#x1789;&#x17D2;&#x179A;&#x17D2;&#x1787;&#x17C4;&#x1784;&#x1793;&#x17B7;&#x1784;&#x1796;&#x1796;&#x17C2; , &#x1788;&#x17BE;&#x1798;&#x17BD;&#x1799;&#x1780;&#x17B6;&#x1785;&#x17CB; , &#x17A2;&#x17D2;&#x1793;&#x1780;&#x1781;&#x17D2;&#x179C;&#x17B6;&#x179B;&#x1796;&#x1796;&#x17C2;&#x1793;&#x17B7;&#x1784;&#x1796;&#x1796;&#x17C2;&#x1796;&#x17D2;&#x179A;&#x17C3; </subfield>
    <subfield code="v">&#x179A;&#x17BF;&#x1784;&#x1793;&#x17B7;&#x1791;&#x17B6;&#x1793;&#x1780;&#x17BB;&#x1798;&#x17B6;&#x179A;</subfield>
  </datafield>
  <datafield tag="650" ind1=" " ind2=" ">
    <subfield code="a">Dog rooster and fox , Fox and goat , A bunch of stick , Shepherd and wild goat </subfield>
    <subfield code="v">Children's Stories </subfield>
  </datafield>
  <datafield tag="942" ind1=" " ind2=" ">
    <subfield code="2">ddc</subfield>
    <subfield code="c">KHB</subfield>
    <subfield code="n">0</subfield>
  </datafield>
  <datafield tag="999" ind1=" " ind2=" ">
    <subfield code="c">8888</subfield>
    <subfield code="d">8888</subfield>
  </datafield>
  <datafield tag="952" ind1=" " ind2=" ">
    <subfield code="0">0</subfield>
    <subfield code="1">0</subfield>
    <subfield code="2">ddc</subfield>
    <subfield code="4">0</subfield>
    <subfield code="7">0</subfield>
    <subfield code="8">Khmer-English Bilingual </subfield>
    <subfield code="a">002</subfield>
    <subfield code="b">002</subfield>
    <subfield code="c">TTP Khmer</subfield>
    <subfield code="d">2025-10-30</subfield>
    <subfield code="l">0</subfield>
    <subfield code="o">ANP PZ7 895 </subfield>
    <subfield code="p">FIS01673</subfield>
    <subfield code="r">2025-10-30 09:10:29</subfield>
    <subfield code="t">1</subfield>
    <subfield code="w">2025-10-30</subfield>
    <subfield code="y">KHB</subfield>
  </datafield>
  <datafield tag="952" ind1=" " ind2=" ">
    <subfield code="0">0</subfield>
    <subfield code="1">0</subfield>
    <subfield code="2">ddc</subfield>
    <subfield code="4">0</subfield>
    <subfield code="7">0</subfield>
    <subfield code="8">Khmer-English Bilingual </subfield>
    <subfield code="a">002</subfield>
    <subfield code="b">002</subfield>
    <subfield code="c">TTP Khmer</subfield>
    <subfield code="d">2025-10-30</subfield>
    <subfield code="l">0</subfield>
    <subfield code="o">ANP PZ7 895 </subfield>
    <subfield code="p">FIS02499</subfield>
    <subfield code="r">2025-10-30 10:15:56</subfield>
    <subfield code="t">2</subfield>
    <subfield code="w">2025-10-30</subfield>
    <subfield code="y">KHB</subfield>
  </datafield>
  <datafield tag="952" ind1=" " ind2=" ">
    <subfield code="0">0</subfield>
    <subfield code="1">0</subfield>
    <subfield code="2">ddc</subfield>
    <subfield code="4">0</subfield>
    <subfield code="7">0</subfield>
    <subfield code="8">Khmer-English Bilingual </subfield>
    <subfield code="a">002</subfield>
    <subfield code="b">002</subfield>
    <subfield code="c">TTP Khmer</subfield>
    <subfield code="d">2025-12-11</subfield>
    <subfield code="l">0</subfield>
    <subfield code="o">ANP PZ7 895 </subfield>
    <subfield code="p">2025-5108</subfield>
    <subfield code="r">2025-12-11 09:57:31</subfield>
    <subfield code="t">3</subfield>
    <subfield code="w">2025-12-11</subfield>
    <subfield code="y">KHB</subfield>
  </datafield>
</record>
